Shraddanandh ke sampadakiya lekh: स्वामी श्रद्धानन्द के सम्पादकीय लेख (Record no. 224074)

MARC details
000 -LEADER
fixed length control field 00976nam a22002177a 4500
005 - DATE AND TIME OF LATEST TRANSACTION
control field 20220721150023.0
008 - FIXED-LENGTH DATA ELEMENTS--GENERAL INFORMATION
fixed length control field 220721b ||||| |||| 00| 0 eng d
040 ## - CATALOGING SOURCE
Transcribing agency Aloy
041 ## - LANGUAGE CODE
Language code of text/sound track or separate title hin
082 ## - DEWEY DECIMAL CLASSIFICATION NUMBER
Edition number 23
Classification number H891.8
Item number RAKS
100 ## - MAIN ENTRY--PERSONAL NAME
Personal name Vishnudatt Rakesh: विष्णुदत्त राकेश Ed
100 ## - MAIN ENTRY--PERSONAL NAME
9 (RLIN) 52347
245 ## - TITLE STATEMENT
Title Shraddanandh ke sampadakiya lekh: स्वामी श्रद्धानन्द के सम्पादकीय लेख
260 ## - PUBLICATION, DISTRIBUTION, ETC.
Place of publication, distribution, etc. Haridwar:
Name of publisher, distributor, etc. Shri Swami Shraddanadh Anusandhan Prakashan Kendr
Date of publication, distribution, etc. 1998
300 ## - PHYSICAL DESCRIPTION
Extent 625p.
Other physical details HB
Dimensions 22x14cm.
365 ## - TRADE PRICE
Source of price type code Hindi
650 ## - SUBJECT ADDED ENTRY--TOPICAL TERM
Topical term or geographic name entry element Hindi Miscellaneous: हिंदी विविध
9 (RLIN) 52327
650 ## - SUBJECT ADDED ENTRY--TOPICAL TERM
Topical term or geographic name entry element Hindi Literature: हिंदी साहित्य
9 (RLIN) 52328
700 ## - ADDED ENTRY--PERSONAL NAME
Personal name RAKESH (Vishnudatt): राकेश (विष्णुदत्त) Ed
9 (RLIN) 52329
700 ## - ADDED ENTRY--PERSONAL NAME
Personal name VIDYALANKAR (Jagadeesh): विद्यालंकार (जगदीश) Ed
9 (RLIN) 52340
942 ## - ADDED ENTRY ELEMENTS (KOHA)
Source of classification or shelving scheme Dewey Decimal Classification
Koha item type George Fernandes Collections
Holdings
Withdrawn status Lost status Source of classification or shelving scheme Damaged status Not for loan Collection code Home library Current library Date acquired Total Checkouts Full call number Barcode Date last seen Price effective from Koha item type
    Dewey Decimal Classification     Hindi St Aloysius Library St Aloysius Library 03/24/2013   H891.8 RAKS GF02577 07/21/2022 07/21/2022 George Fernandes Collections